[Event "I Open"]
[Site "Trento ITA"]
[Date "2008.03.30"]
[Round "4"]
[White "Keim, Simon"]
[Black "Filosi, Gianluigi"]
[Result "0-1"]
[WhiteElo "1473"]
[BlackElo "1625"]
[PlyCount "134"]
[EventDate "2008.03.28"]

1. Nc3 e6 2. e3 g6 3. Nf3 Bg7 4. Be2 b6 5. d4 Bb7 6. O-O Ne7 7. e4 d6 8. Re1
O-O 9. Be3 Nd7 10. Qd2 Nf6 11. e5 dxe5 12. Nxe5 Ne4 13. Nxe4 Bxe4 14. f3 Bb7
15. c3 Nf5 16. Bf4 h6 17. Qc1 g5 18. Bd2 c5 19. Ng4 cxd4 20. cxd4 Qxd4+ 21. Kh1
Qxb2 22. Qxb2 Bxb2 23. Rab1 Bd4 24. Bd3 Kg7 25. Bxf5 exf5 26. Ne3 Kg6 27. Nc4
Rad8 28. Bb4 Rfe8 29. Rxe8 Rxe8 30. Nd6 Re7 31. Nxf5 Rd7 32. Ne7+ Kh7 33. Rd1
Rc7 34. Nf5 Bb2 35. h4 Rc1 36. Rxc1 Bxc1 37. hxg5 hxg5 38. Bd6 Bf4 39. Bxf4
gxf4 40. Nd4 Kg6 41. Kg1 Kf6 42. Kf2 Ke5 43. Nc2 a5 44. Ke1 b5 45. a3 Ba6 46.
Kd2 Kd5 47. Kc3 Kc5 48. Kb3 Bc8 49. Kc3 Be6 50. Kd3 Bd5 51. Ne1 b4 52. axb4+
axb4 53. Kd2 Kc4 54. Nd3 Kb3 55. Nc5+ Ka2 56. Kd3 b3 57. Nxb3 Kxb3 58. Kd4 Bc4
59. Ke4 Bf1 60. Kxf4 Bxg2 61. Kg4 Kc4 62. f4 Kd4 63. Kf5 Bd5 64. Kg5 Ke4 65. f5
Ke5 66. Kg4 f6 67. Kg3 Kxf5 0-1

[Event "I Open"]
[Site "Trento ITA"]
[Date "2008.03.30"]
[Round "4"]
[White "La Venia, Stefano"]
[Black "La Manna, Andrea"]
[Result "0-1"]
[WhiteElo "1754"]
[BlackElo "2153"]
[PlyCount "80"]
[EventDate "2008.03.28"]

1. e4 d6 2. d4 Nf6 3. Nc3 c6 4. Bd3 e5 5. Nf3 Qc7 6. Bg5 Be7 7. h3 Nbd7 8. Qd2
O-O 9. O-O Re8 10. Ne2 d5 11. Ng3 exd4 12. exd5 c5 13. c4 dxc3 14. bxc3 c4 15.
Bc2 Nb6 16. Bxf6 Bxf6 17. Ng5 g6 18. N5e4 Bg7 19. Rad1 Bd7 20. Ne2 Rad8 21. g4
f5 22. gxf5 Bxf5 23. d6 Qc6 24. f3 Bxh3 25. Rfe1 Re5 26. Qf4 Nd5 27. Qh4 Qb6+
28. Nd4 Rh5 29. Qf2 Nf6 30. Nxf6+ Bxf6 31. Ne6 Rxd6 32. Qxb6 Rxb6 33. Nf4 Rg5+
34. Kh2 Bf5 35. Ba4 Rb2+ 36. Kh1 b5 37. Nd5 Rh5+ 38. Kg1 Bh4 39. Re8+ Kg7 40.
Rb8 Bf2+ 0-1

[Event "I Open"]
[Site "Trento ITA"]
[Date "2008.03.30"]
[Round "4"]
[White "Masini, Michele"]
[Black "Kirchner, Davide"]
[Result "1/2-1/2"]
[WhiteElo "1398"]
[BlackElo "1422"]
[PlyCount "49"]
[EventDate "2008.03.28"]

1. d4 d5 2. c4 c6 3. Nc3 Nf6 4. h3 Bf5 5. Bg5 e6 6. e3 Bb4 7. cxd5 cxd5 8. Bd3
Bxd3 9. Qxd3 O-O 10. Nf3 Nbd7 11. O-O Rc8 12. Ne5 a6 13. Nxd7 Qxd7 14. Bxf6
gxf6 15. f4 f5 16. Ne2 Kh8 17. Kh2 Rg8 18. Ng1 Rg6 19. Nf3 Rcg8 20. Rg1 Qe7 21.
Rac1 Bd6 22. Rc2 Qf6 23. Ne5 Bxe5 24. dxe5 Qh4 25. Qe2 1/2-1/2

[Event "I Open"]
[Site "Trento ITA"]
[Date "2008.03.30"]
[Round "4"]
[White "Nicolodi, Raoul"]
[Black "Apuzzo, Stefano"]
[Result "1/2-1/2"]
[WhiteElo "1827"]
[BlackElo "1563"]
[PlyCount "48"]
[EventDate "2008.03.28"]

1. Nf3 d6 2. c4 g6 3. g3 Bg7 4. Bg2 Nf6 5. d3 Nbd7 6. O-O O-O 7. Nc3 e5 8. Rb1
a5 9. a3 Nc5 10. b4 Ne6 11. Qb3 axb4 12. axb4 Re8 13. e3 Rb8 14. Ba3 Ng4 15. b5
Nh6 16. b6 c6 17. Rfd1 Nf5 18. Nd2 Bf8 19. Nde4 Nfg7 20. Qa4 Nc5 21. Bxc5 dxc5
22. Qa7 Bd7 23. Ra1 f5 24. Nd2 Qc8 1/2-1/2

[Event "I Open"]
[Site "Trento ITA"]
[Date "2008.03.30"]
[Round "4"]
[White "Panjkovic, Stefan"]
[Black "Brunelli, Giovanni"]
[Result "0-1"]
[WhiteElo "1446"]
[BlackElo "1870"]
[PlyCount "46"]
[EventDate "2008.03.28"]

1. d4 f5 2. Bf4 Nf6 3. e3 g6 4. Nf3 Bg7 5. h3 O-O 6. Nbd2 d6 7. Be2 e6 8. c3
Nc6 9. O-O Qe7 10. Qb3 Kh8 11. Nc4 h6 12. Bd3 g5 13. Bh2 g4 14. hxg4 Nxg4 15.
Nh4 Qxh4 16. Bg3 Qf6 17. Rfe1 Rg8 18. f3 d5 19. Nd2 Nxe3 20. Rxe3 f4 21. Bxf4
Qxf4 22. Rae1 Qg5 23. Qd1 Bxd4 0-1

[Event "I Open"]
[Site "Trento ITA"]
[Date "2008.03.30"]
[Round "4"]
[White "Paoli, Luigino"]
[Black "Pretto, Aldo"]
[Result "1-0"]
[WhiteElo "1413"]
[BlackElo "1524"]
[PlyCount "51"]
[EventDate "2008.03.28"]

1. c4 Nf6 2. Nc3 b6 3. d4 Bb7 4. Bg5 e6 5. a3 Be7 6. e3 d6 7. Bd3 Nbd7 8. Nf3
c5 9. O-O O-O 10. Re1 h6 11. Bh4 Qc7 12. e4 g5 13. Bg3 g4 14. Nb5 Qd8 15. Nh4
a6 16. Nxd6 Bxe4 17. Bxe4 Nxe4 18. Nxe4 Bxh4 19. Qxg4+ Bg5 20. f4 Nf6 21. Nxf6+
Qxf6 22. fxg5 hxg5 23. Re5 Rfd8 24. Rxg5+ Kf8 25. Be5 Qe7 26. Rg8# 1-0

[Event "I Open"]
[Site "Trento ITA"]
[Date "2008.03.30"]
[Round "4"]
[White "Pecorari, Marcello"]
[Black "Caldara, Sisto"]
[Result "0-1"]
[WhiteElo "2075"]
[BlackElo "1797"]
[PlyCount "92"]
[EventDate "2008.03.28"]

1. e4 d6 2. d4 Nf6 3. Nc3 c6 4. f4 Qa5 5. Bd3 e5 6. dxe5 dxe5 7. Nf3 Nbd7 8.
O-O Bc5+ 9. Kh1 Ng4 10. Qe2 h5 11. Bd2 Qc7 12. f5 b5 13. Rad1 Bb7 14. Ng5 Ndf6
15. Rf3 O-O-O 16. Nh3 a6 17. a4 b4 18. Na2 a5 19. c3 Qb6 20. Bc4 bxc3 21. Nxc3
Rd4 22. Bg5 Rhd8 23. Rdf1 R8d7 24. b3 Bb4 25. Nf2 Nxf2+ 26. Qxf2 Ng4 27. Qg1
Bc5 28. Be3 Nxe3 29. Qxe3 Rxc4 30. Qg5 f6 31. Qxh5 Rcd4 32. Qe8+ Rd8 33. Qe6+
Kb8 34. Rg3 Bc8 35. Qf7 R4d7 36. Qh5 Ba6 37. Rc1 Ka8 38. h4 Be3 39. Rb1 Rd3 40.
Rxg7 Rxc3 41. Qf7 Rcd3 42. Qxf6 Rd1+ 43. Rxd1 Rxd1+ 44. Kh2 Bf4+ 45. Kh3 Rh1+
46. Kg4 Be2# 0-1

[Event "I Open"]
[Site "Trento ITA"]
[Date "2008.03.30"]
[Round "4"]
[White "Pichler, Christoph"]
[Black "Pedrotti, Luciano"]
[Result "0-1"]
[WhiteElo "1632"]
[BlackElo "1857"]
[PlyCount "84"]
[EventDate "2008.03.28"]

1. e4 e5 2. Nf3 Nc6 3. Bc4 Be7 4. d4 exd4 5. Nxd4 Ne5 6. Bb3 Nf6 7. O-O d6 8.
Re1 O-O 9. h3 c5 10. Nf3 b5 11. c3 Bb7 12. Bc2 Nfd7 13. Nxe5 dxe5 14. Qg4 Qc7
15. Bh6 Bf6 16. Nd2 Rfe8 17. Rad1 Nf8 18. Nf3 Bc8 19. Qg3 Ng6 20. Be3 Be6 21.
Bb1 a6 22. h4 Red8 23. Bg5 Rxd1 24. Rxd1 Rd8 25. Re1 Bxg5 26. Nxg5 Nf4 27. Qe3
f6 28. Nf3 c4 29. g3 Nd3 30. Re2 Bg4 31. Rd2 Bxf3 32. Bxd3 Rxd3 33. Rxd3 cxd3
34. Qxf3 Qc4 35. Qe3 b4 36. h5 bxc3 37. bxc3 Qxc3 38. Qb6 h6 39. Qd8+ Kh7 40.
Qd7 Qe1+ 41. Kg2 Qxe4+ 42. Kf1 Qh1# 0-1

[Event "I Open"]
[Site "Trento ITA"]
[Date "2008.03.30"]
[Round "4"]
[White "Pojer, Romeo"]
[Black "Battiston, Claudio"]
[Result "1-0"]
[WhiteElo "2158"]
[BlackElo "1945"]
[PlyCount "119"]
[EventDate "2008.03.28"]

1. e4 e5 2. Nf3 Nc6 3. Bb5 a6 4. Ba4 Nf6 5. d3 b5 6. Bb3 Be7 7. c3 O-O 8. O-O
d6 9. a4 Rb8 10. axb5 axb5 11. Re1 Bg4 12. h3 Bh5 13. Nbd2 Qd7 14. Nf1 Ra8 15.
Rxa8 Rxa8 16. Ng3 Bg6 17. Nh4 Na5 18. Bc2 c5 19. Nhf5 Bf8 20. h4 d5 21. h5 Bxf5
22. exf5 Nc6 23. Bg5 Ne8 24. Qf3 f6 25. Bc1 Ra1 26. Rd1 Kh8 27. Qg4 Nd6 28. Kh2
Nf7 29. Be3 Rxd1 30. Qxd1 d4 31. Bc1 Nd6 32. Qg4 Ne7 33. cxd4 exd4 34. Bf4
Ndxf5 35. Bb3 Qc8 36. Qe2 Nxg3 37. Bxg3 Nc6 38. Qe4 Qd7 39. Be6 Qe8 40. Qf5 Qd8
41. Bd7 Nb8 42. Bxb5 Bd6 43. Bxd6 Qxd6+ 44. g3 Qf8 45. g4 h6 46. f4 Qd6 47. Kg3
Qe7 48. Qc8+ Kh7 49. Qf5+ Kh8 50. Qe4 Qxe4 51. dxe4 Kg8 52. Kf3 Kf7 53. e5 fxe5
54. fxe5 Ke6 55. Ke4 Nd7 56. Bc4+ Ke7 57. Kd5 Nb6+ 58. Kxc5 Na4+ 59. Kxd4 Nxb2
60. Bb3 1-0

[Event "I Open"]
[Site "Trento ITA"]
[Date "2008.03.30"]
[Round "4"]
[White "Porpora, Ivano"]
[Black "De Nisi, Giuseppe"]
[Result "1-0"]
[WhiteElo "1551"]
[BlackElo "1890"]
[PlyCount "51"]
[EventDate "2008.03.28"]

1. e4 e6 2. d4 d5 3. Nc3 Nf6 4. e5 Nfd7 5. Be3 c5 6. f4 Nc6 7. Nf3 cxd4 8. Nxd4
Bb4 9. a3 Bxc3+ 10. bxc3 Qa5 11. Bd2 Qc5 12. Nb5 Ne7 13. Nd6+ Kf8 14. Bd3 h5
15. Qf3 Nc6 16. Qe3 d4 17. cxd4 Nxd4 18. Nxc8 Rxc8 19. Bb4 Qxb4+ 20. axb4 Nc6
21. Bb5 Nxb4 22. Qa3 a5 23. Bxd7 Rxc2 24. O-O Rh6 25. Qxa5 Na6 26. Qd8# 1-0

[Event "I Open"]
[Site "Trento ITA"]
[Date "2008.03.30"]
[Round "4"]
[White "Rizzoli, Aluna"]
[Black "Busi, Piero"]
[Result "1-0"]
[WhiteElo "1488"]
[BlackElo "1287"]
[PlyCount "45"]
[EventDate "2008.03.28"]

1. e4 e5 2. f4 exf4 3. Bc4 Bc5 4. d4 Be7 5. Bxf4 Bh4+ 6. g3 Bg5 7. Qh5 g6 8.
Qxg5 Qxg5 9. Bxg5 f6 10. Bf4 d6 11. Nc3 Nc6 12. O-O-O Na5 13. Bxg8 Rxg8 14. Nd5
Kf7 15. Nxc7 Bg4 16. Nxa8 Bxd1 17. Kxd1 Rxa8 18. Nf3 Rd8 19. d5 Nc4 20. b3 Ne5
21. Bxe5 fxe5 22. Rf1 Kg7 23. Ng5 1-0

[Event "I Open"]
[Site "Trento ITA"]
[Date "2008.03.30"]
[Round "4"]
[White "Scandella, Marco"]
[Black "Fragni, Enrico"]
[Result "1/2-1/2"]
[WhiteElo "1536"]
[BlackElo "1731"]
[PlyCount "84"]
[EventDate "2008.03.28"]

1. d4 c6 2. e4 d6 3. Nf3 Bg4 4. Be2 Nf6 5. Nc3 Nbd7 6. O-O e5 7. dxe5 dxe5 8.
h3 Bh5 9. Bg5 Be7 10. Qd2 h6 11. Be3 O-O 12. a3 Qc7 13. Rad1 Rfd8 14. Qc1 Nc5
15. Bxc5 Bxc5 16. Rxd8+ Rxd8 17. Rd1 Bxf3 18. Bxf3 b5 19. Rxd8+ Qxd8 20. Qd1
Qb6 21. Qd2 Bd4 22. b4 a5 23. Nd1 axb4 24. axb4 Qd8 25. Kf1 Kf8 26. c3 Bb6 27.
Qxd8+ Bxd8 28. Ne3 g6 29. Ng4 Nxg4 30. Bxg4 Ke7 31. Ke1 Kd6 32. Bd1 c5 33.
bxc5+ Kxc5 34. Bb3 f6 35. f3 Ba5 36. Kd2 b4 37. cxb4+ Kxb4 38. Kc2 Bb6 39. Bf7
g5 40. g4 Kc5 41. Kd3 Ba5 42. Bg6 Kb4 1/2-1/2

[Event "I Open"]
[Site "Trento ITA"]
[Date "2008.03.30"]
[Round "4"]
[White "Scharrer, Patrick"]
[Black "Panjkovic, Aleksandar"]
[Result "1/2-1/2"]
[WhiteElo "2225"]
[BlackElo "2140"]
[PlyCount "26"]
[EventDate "2008.03.28"]

1. e4 d5 2. exd5 Qxd5 3. Nf3 Bg4 4. Be2 Nc6 5. d4 O-O-O 6. Be3 Nh6 7. Nbd2 Nf5
8. c4 Qa5 9. d5 Bxf3 10. Bxf3 Nxe3 11. fxe3 Ne5 12. O-O e6 13. Nb3 Qb6 1/2-1/2

[Event "I Open"]
[Site "Trento ITA"]
[Date "2008.03.30"]
[Round "4"]
[White "Spornberger, Peter"]
[Black "Spornberger, Andre"]
[Result "1/2-1/2"]
[WhiteElo "1646"]
[BlackElo "1485"]
[PlyCount "42"]
[EventDate "2008.03.28"]

1. e4 d5 2. exd5 Nf6 3. d4 Nxd5 4. Nf3 g6 5. Nc3 Nxc3 6. bxc3 Bg7 7. Bb2 Nc6 8.
Be2 O-O 9. O-O e5 10. Re1 Bf5 11. Rb1 Rb8 12. Bc1 Re8 13. Bb5 exd4 14. Rxe8+
Qxe8 15. cxd4 Qe4 16. Bd3 Qd5 17. c4 Qd7 18. a3 Rd8 19. Bxf5 Qxf5 20. d5 Ne5
21. Nxe5 Bxe5 1/2-1/2

[Event "I Open"]
[Site "Trento ITA"]
[Date "2008.03.30"]
[Round "4"]
[White "Tencheni, Maurizio"]
[Black "Paltrinieri, Nicholas"]
[Result "0-1"]
[WhiteElo "1560"]
[BlackElo "1896"]
[PlyCount "98"]
[EventDate "2008.03.28"]

1. e4 d5 2. exd5 Nf6 3. d4 Bg4 4. Be2 Bxe2 5. Nxe2 Nxd5 6. O-O g6 7. c3 Bg7 8.
Nd2 O-O 9. Nf3 Nc6 10. Re1 e5 11. dxe5 Nxe5 12. Ned4 Nxf3+ 13. Nxf3 c6 14. Be3
Qc7 15. Bd4 Nf6 16. Bxf6 Bxf6 17. Re4 Rad8 18. Qe2 Rd5 19. Re1 Qd7 20. c4 Rd6
21. h3 Rd8 22. Re8+ Kg7 23. Rxd8 Qxd8 24. b3 Qa5 25. a4 Qc3 26. Qe3 Rd3 27. Qe2
Qxb3 28. Nd2 Qc2 29. Ne4 Qxe2 30. Rxe2 Rd4 31. Nxf6 Kxf6 32. Rc2 Rd1+ 33. Kh2
Ra1 34. c5 Rxa4 35. Rb2 Ra5 36. Rxb7 Rxc5 37. Rxa7 Ke6 38. Kg3 Rd5 39. Ra6 Kd6
40. f3 Re5 41. Kf4 Re7 42. g4 Kd5 43. Kg5 c5 44. Ra5 Kd4 45. f4 c4 46. f5 c3
47. Kf6 Rc7 48. Ra1 c2 49. Rc1 Kd3 0-1

[Event "I Open"]
[Site "Trento ITA"]
[Date "2008.03.30"]
[Round "5"]
[White "Amico, Antonino"]
[Black "Masini, Michele"]
[Result "1/2-1/2"]
[WhiteElo "1407"]
[BlackElo "1398"]
[PlyCount "74"]
[EventDate "2008.03.28"]

1. d4 Nf6 2. c4 g6 3. Nc3 Bg7 4. Bg5 d6 5. e3 Nbd7 6. Nf3 h6 7. Bh4 c6 8. Bd3
g5 9. Bg3 Nh5 10. Qe2 Ndf6 11. h3 Nxg3 12. fxg3 Qc7 13. g4 Bd7 14. d5 e5 15.
dxe6 fxe6 16. Bg6+ Kd8 17. Rd1 Be8 18. Qd3 Bxg6 19. Qxg6 Kc8 20. Ne4 Nxe4 21.
Qxe4 Re8 22. Rd2 b6 23. Ke2 Kb7 24. Rhd1 Re7 25. Rxd6 Bxb2 26. Rxe6 Rae8 27.
Nd4 Rxe6 28. Nxe6 Qe7 29. Nc5+ bxc5 30. Qxe7+ Rxe7 31. Rb1 Ka6 32. Rxb2 Ka5 33.
Kd3 Ka4 34. g3 a5 35. Rb6 Re6 36. Rb2 Ka3 37. Rf2 a4 1/2-1/2

[Event "I Open"]
[Site "Trento ITA"]
[Date "2008.03.30"]
[Round "5"]
[White "Apuzzo, Stefano"]
[Black "Forer, Erich"]
[Result "0-1"]
[WhiteElo "1563"]
[BlackElo "1482"]
[PlyCount "46"]
[EventDate "2008.03.28"]

1. d4 Nf6 2. c4 e6 3. Nc3 Bb4 4. Bg5 h6 5. Bf4 c5 6. d5 exd5 7. cxd5 O-O 8. a3
Bxc3+ 9. bxc3 Qa5 10. Bd2 c4 11. d6 Re8 12. e3 Qc5 13. Nf3 Nc6 14. Nd4 b5 15.
a4 b4 16. Nxc6 Qxc6 17. cxb4 c3 18. Bc1 Nd5 19. Ba3 Bb7 20. b5 Qb6 21. Rc1 Nxe3
22. fxe3 Qxe3+ 23. Be2 Bxg2 0-1

[Event "I Open"]
[Site "Trento ITA"]
[Date "2008.03.30"]
[Round "5"]
[White "Battiston, Claudio"]
[Black "Nicolodi, Raoul"]
[Result "1/2-1/2"]
[WhiteElo "1945"]
[BlackElo "1827"]
[PlyCount "36"]
[EventDate "2008.03.28"]

1. e4 e5 2. Nf3 Nc6 3. Bb5 a6 4. Ba4 Nf6 5. O-O Be7 6. Re1 b5 7. Bb3 d6 8. c3
O-O 9. d3 Na5 10. Bc2 c5 11. Nbd2 Nc6 12. Nf1 a5 13. a4 bxa4 14. Bxa4 Qc7 15.
Bg5 Nd8 16. Ne3 Ne6 17. Bh4 Nf4 18. Qc2 Bd7 1/2-1/2

[Event "I Open"]
[Site "Trento ITA"]
[Date "2008.03.30"]
[Round "5"]
[White "Bisaro, Andrea"]
[Black "Keim, Simon"]
[Result "1-0"]
[WhiteElo "1596"]
[BlackElo "1473"]
[PlyCount "94"]
[EventDate "2008.03.28"]

1. d4 Nf6 2. c4 e6 3. Nc3 c5 4. d5 exd5 5. cxd5 Bd6 6. e4 O-O 7. Bd3 Bc7 8. Nf3
d6 9. h3 h6 10. Bf4 Re8 11. O-O a6 12. a4 Nbd7 13. Qc2 Nf8 14. Rfe1 Ng6 15. Bh2
Bd7 16. Re3 Rc8 17. Bc4 Rb8 18. Qb3 Qc8 19. e5 Nh5 20. e6 Bxa4 21. exf7+ Kxf7
22. Rxe8 Qxe8 23. Qxa4 Qxa4 24. Rxa4 b5 25. Rxa6 bxc4 26. Ra7 Kg8 27. Rxc7 Ngf4
28. Bxf4 Nxf4 29. Nd2 Rxb2 30. Nde4 Rc2 31. Rc6 Kf8 32. Rxd6 Ke7 33. Rc6 Nd3
34. Rc7+ Kd8 35. d6 Nxf2 36. Nxf2 Rxc3 37. Ne4 Rd3 38. Rxc5 Rd4 39. Nc3 Rxd6
40. Rxc4 Ke8 41. Rc7 Rd7 42. Rxd7 Kxd7 43. Kf2 Ke6 44. Kf3 Kf5 45. Ne4 g5 46.
Ng3+ Ke5 47. Kg4 Kf6 1-0

[Event "I Open"]
[Site "Trento ITA"]
[Date "2008.03.30"]
[Round "5"]
[White "Brunelli, Giovanni"]
[Black "Brunelli, Flavio"]
[Result "1/2-1/2"]
[WhiteElo "1870"]
[BlackElo "1659"]
[PlyCount "42"]
[EventDate "2008.03.28"]

1. e4 e6 2. d4 d5 3. e5 c5 4. c3 Nc6 5. Nf3 Qb6 6. Bd3 Bd7 7. O-O cxd4 8. cxd4
Nxd4 9. Nxd4 Qxd4 10. Nc3 Qxe5 11. Re1 Qc7 12. Nxd5 Qa5 13. Qb3 Bc6 14. Nc3 Qb4
15. Qc2 g6 16. Bd2 Qg4 17. Be4 Rc8 18. Nb5 a6 19. Na7 Rc7 20. Bxc6+ bxc6 21.
Ba5 Qf4 1/2-1/2

[Event "I Open"]
[Site "Trento ITA"]
[Date "2008.03.30"]
[Round "5"]
[White "Busi, Piero"]
[Black "Pretto, Aldo"]
[Result "0-1"]
[WhiteElo "1287"]
[BlackElo "1524"]
[PlyCount "62"]
[EventDate "2008.03.28"]

1. e4 e5 2. Nf3 Nf6 3. Nc3 Nc6 4. d3 Bc5 5. Be3 Bb6 6. Bxb6 axb6 7. Be2 d5 8.
O-O O-O 9. h3 h6 10. exd5 Nxd5 11. Nxd5 Qxd5 12. c3 Rxa2 13. Rxa2 Qxa2 14. Qa1
Qa6 15. Re1 Re8 16. Qc1 Qa2 17. Qd2 Bf5 18. Kf1 Rd8 19. d4 e4 20. b4 Qb3 21.
Nh4 Bh7 22. Bd1 Qd5 23. Qe3 Qg5 24. g3 Qb5+ 25. Be2 Qd5 26. Kg2 g5 27. Nf3
exf3+ 28. Bxf3 Qd6 29. Rh1 Qf6 30. Rh2 Ne7 31. Bg4 Nd5 0-1

[Event "I Open"]
[Site "Trento ITA"]
[Date "2008.03.30"]
[Round "5"]
[White "D'Aulisa, Francesco"]
[Black "Kaserer, Hans-Peter"]
[Result "0-1"]
[WhiteElo "1836"]
[BlackElo "1956"]
[PlyCount "79"]
[EventDate "2008.03.28"]

1. e4 e5 2. Nf3 Nc6 3. Bb5 Nf6 4. O-O d6 5. Nc3 Be7 6. d4 exd4 7. Nxd4 Bd7 8.
Bxc6 bxc6 9. Re1 O-O 10. Bf4 Rb8 11. b3 Ne8 12. a3 g6 13. h3 Ng7 14. e5 Re8 15.
exd6 Bxd6 16. Bxd6 cxd6 17. Ne4 d5 18. Nc5 Ne6 19. Nxd7 Qxd7 20. Nf3 Qd6 21.
Ne5 Nc5 22. Ng4 Qf4 23. g3 Rxe1+ 24. Qxe1 Qd4 25. Rd1 Qg7 26. Qe7 Ne4 27. Qc7
Rf8 28. Qxc6 h5 29. Ne3 Nc3 30. Re1 Qe5 31. Ng2 Ne4 32. Nf4 Qd4 33. Nd3 Nxg3
34. Kg2 Ne4 35. Re3 Ng5 36. Ne5 Ne4 37. Nd3 Kh7 38. Nb4 Qd2 39. Rf3 Qg5+ 40.
Kh2 {...} 0-1

[Event "I Open"]
[Site "Trento ITA"]
[Date "2008.03.30"]
[Round "5"]
[White "De Nisi, Giuseppe"]
[Black "Paoli, Luigino"]
[Result "1-0"]
[WhiteElo "1890"]
[BlackElo "1413"]
[PlyCount "73"]
[EventDate "2008.03.28"]

1. d4 Nf6 2. c4 e6 3. Nc3 Bb4 4. a3 Bxc3+ 5. bxc3 O-O 6. Bg5 d6 7. e4 Nbd7 8.
c5 Qe8 9. Bxf6 Nxf6 10. Bd3 Qc6 11. f3 e5 12. Ne2 dxc5 13. dxe5 Nd7 14. f4 b6
15. Bc4 Qg6 16. Ng3 c6 17. Qf3 Bb7 18. Nf5 Kh8 19. g4 f6 20. O-O-O Rad8 21. e6
Nb8 22. Rxd8 Rxd8 23. Rd1 Re8 24. Nd6 Ba6 25. Bxa6 Nxa6 26. Nxe8 Qxe8 27. Qd3
Qxe6 28. Qxa6 h6 29. h3 Qb3 30. Qc8+ Kh7 31. Qf5+ Kg8 32. Rd8+ Kf7 33. Qd7+ Kg6
34. f5+ Kg5 35. Qxg7+ Kf4 36. Qxh6+ Ke5 37. Re8+ 1-0

[Event "I Open"]
[Site "Trento ITA"]
[Date "2008.03.30"]
[Round "5"]
[White "Degano, Emanuele"]
[Black "Pecorari, Marcello"]
[Result "0-1"]
[WhiteElo "1644"]
[BlackElo "2075"]
[PlyCount "84"]
[EventDate "2008.03.28"]

1. e4 Nf6 2. e5 Nd5 3. c4 Nb6 4. d4 d6 5. exd6 cxd6 6. d5 Bf5 7. Nf3 N8d7 8. b3
Nf6 9. Nh4 Bd7 10. Bd3 g6 11. Bb2 Bg7 12. Qe2 O-O 13. Nd2 e6 14. dxe6 Re8 15.
O-O Rxe6 16. Qd1 Qc7 17. Rc1 Rae8 18. Nhf3 R6e7 19. Ba3 Bc6 20. Nd4 Nbd7 21.
Nb5 Bxb5 22. cxb5 Qb8 23. Nc4 Re6 24. f4 d5 25. f5 gxf5 26. Bxf5 dxc4 27. Bxe6
Rxe6 28. bxc4 Ne5 29. Rf4 Nd3 30. Qxd3 Qxf4 31. c5 Bf8 32. Rf1 Qe3+ 33. Qxe3
Rxe3 34. b6 axb6 35. c6 Bxa3 36. cxb7 Re8 37. Rxf6 Bc5+ 38. Kf1 Rb8 39. a4 Rxb7
40. g4 Rd7 41. Rf5 Rd4 42. a5 Rxg4 0-1

[Event "I Open"]
[Site "Trento ITA"]
[Date "2008.03.30"]
[Round "5"]
[White "Di Cecco, Giuseppe"]
[Black "Buglisi, Massimo"]
[Result "1-0"]
[WhiteElo "2092"]
[BlackElo "1656"]
[PlyCount "93"]
[EventDate "2008.03.28"]

1. e4 c5 2. Nf3 Nc6 3. Bb5 g6 4. O-O Bg7 5. c3 Nf6 6. Re1 O-O 7. d4 d5 8. e5
Ne4 9. Nbd2 Nxd2 10. Qxd2 Qb6 11. Bxc6 bxc6 12. Qf4 c4 13. Qh4 h5 14. Qxe7 Bf5
15. e6 Bxe6 16. Rxe6 fxe6 17. Qxe6+ Kh8 18. Qxg6 Rae8 19. Be3 Qb7 20. Qxh5+ Kg8
21. Rb1 Qf7 22. Qxf7+ Rxf7 23. b4 Rb7 24. Rc1 Bf6 25. g4 Re4 26. h3 a6 27. Kg2
Ra7 28. Kg3 a5 29. a3 axb4 30. axb4 Ra3 31. Rc2 Re7 32. h4 Rea7 33. g5 Bd8 34.
Kg4 Ra1 35. h5 Rh1 36. Ne5 Rg1+ 37. Kf5 Rg7 38. g6 Rh1 39. h6 Rh5+ 40. Ke6
Rxe5+ 41. dxe5 Rxg6+ 42. Kd7 Bh4 43. e6 Rf6 44. e7 Rf7 45. Bc5 Kh7 46. Re2 Kxh6
47. Kxc6 1-0

[Event "I Open"]
[Site "Trento ITA"]
[Date "2008.03.30"]
[Round "5"]
[White "Facchetti, Lorenzo"]
[Black "Centofante, Maria Rosa"]
[Result "1-0"]
[WhiteElo "1674"]
[BlackElo "1571"]
[PlyCount "123"]
[EventDate "2008.03.28"]

1. d4 Nf6 2. c4 c6 3. Nc3 d5 4. Nf3 Bf5 5. Bf4 e6 6. e3 Bd6 7. Bxd6 Qxd6 8. Bd3
Bxd3 9. Qxd3 Qb4 10. cxd5 exd5 11. O-O O-O 12. a3 Qe7 13. b4 Nbd7 14. Na4 b6
15. Rfc1 Rfc8 16. Rc2 Rc7 17. Rac1 Rac8 18. Nc3 b5 19. Nxb5 cxb5 20. Rxc7 Rxc7
21. Rxc7 Qe6 22. Qc3 h6 23. Rc6 Qf5 24. Rc8+ Kh7 25. Qc2 Ne4 26. Ne1 Qg6 27. f3
Ng5 28. Qxg6+ Kxg6 29. Rc7 Nb6 30. Nd3 Nc4 31. Nf4+ Kh7 32. Nxd5 Nxa3 33. Rxa7
Nc4 34. Rb7 Na3 35. Kf2 Kg6 36. Nc3 Nc2 37. Rxb5 Na3 38. Ra5 Nc4 39. Rc5 Nb2
40. Ke2 Ne6 41. Rc6 Kh7 42. Kd2 Nd8 43. Rd6 Nc4+ 44. Kd3 Nxd6 45. e4 Kg6 46. d5
f6 47. Kd4 N8b7 48. f4 Kf7 49. g4 g6 50. e5 fxe5+ 51. fxe5 Ne8 52. Ne4 Ke7 53.
d6+ Kd8 54. Nc5 Nbxd6 55. exd6 Nxd6 56. Ne4 Nb7 57. Ke5 Ke7 58. Kd5 Kd7 59.
Nc5+ Kc7 60. Nxb7 Kxb7 61. Ke6 h5 62. g5 1-0

[Event "I Open"]
[Site "Trento ITA"]
[Date "2008.03.30"]
[Round "5"]
[White "Filosi, Andrea"]
[Black "Panjkovic, Stefan"]
[Result "1/2-1/2"]
[WhiteElo "1500"]
[BlackElo "1446"]
[PlyCount "46"]
[EventDate "2008.03.28"]

1. d4 f5 2. Nf3 Nf6 3. Bg5 e6 4. e3 Be7 5. Bxf6 Bxf6 6. Bd3 O-O 7. c3 d5 8. Qc2
Bd7 9. Nbd2 Be7 10. h3 Qc8 11. g4 c5 12. b3 cxd4 13. exd4 Nc6 14. Rg1 Bd6 15.
Nh4 g6 16. gxf5 exf5 17. O-O-O Kh8 18. Ndf3 Be7 19. Qe2 Qe8 20. Qf1 Qd8 21. Ng2
Bf6 22. Ne3 Be6 23. Qg2 Rg8 1/2-1/2

[Event "I Open"]
[Site "Trento ITA"]
[Date "2008.03.30"]
[Round "5"]
[White "Fortunato, Vito"]
[Black "Dappiano, Andrea"]
[Result "1-0"]
[WhiteElo "1874"]
[BlackElo "1894"]
[PlyCount "97"]
[EventDate "2008.03.28"]

1. Nf3 d6 2. d4 Nf6 3. c4 g6 4. Nc3 Bg7 5. g3 O-O 6. Bg2 Nbd7 7. O-O e5 8. e4
c6 9. h3 Qc7 10. b3 Re8 11. Be3 b6 12. Qc2 a6 13. Rad1 Bb7 14. Nh4 c5 15. dxc5
dxc5 16. Nd5 Nxd5 17. cxd5 Qd6 18. f4 f6 19. f5 g5 20. Nf3 h6 21. g4 Rac8 22.
h4 gxh4 23. Nxh4 b5 24. Qd2 Kh7 25. Rc1 c4 26. bxc4 Rxc4 27. Rxc4 bxc4 28. Qa5
Rc8 29. Rc1 Qc7 30. Qxc7 Rxc7 31. Bf3 Rc8 32. Ng6 Nf8 33. Nh4 h5 34. gxh5 Bh6
35. Kf2 c3 36. Ng6 Nxg6 37. hxg6+ Kg7 38. Bxh6+ Kxh6 39. Ke3 a5 40. Be2 Kg5 41.
Bd1 Ba6 42. Bc2 Kh6 43. Rb1 Bc4 44. Bb3 c2 45. Bxc2 Bxa2 46. Rb2 Bc4 47. Ba4
Ba6 48. Rc2 Rf8 49. d6 1-0

[Event "I Open"]
[Site "Trento ITA"]
[Date "2008.03.30"]
[Round "5"]
[White "Fragni, Enrico"]
[Black "Tencheni, Maurizio"]
[Result "1-0"]
[WhiteElo "1731"]
[BlackElo "1560"]
[PlyCount "61"]
[EventDate "2008.03.28"]

1. d4 d5 2. Nf3 Nf6 3. Bg5 e6 4. Nbd2 Be7 5. e3 Nbd7 6. Bd3 h6 7. Bh4 O-O 8.
Qe2 Nh5 9. Bxe7 Qxe7 10. g4 Nhf6 11. g5 hxg5 12. Nxg5 Rd8 13. Rg1 c6 14. h4 e5
15. c3 e4 16. Bc2 Nf8 17. O-O-O Bf5 18. Rg2 Bg6 19. Rdg1 Rd6 20. Bd1 Bh5 21.
Qe1 Bxd1 22. Qxd1 g6 23. Nf1 Nh5 24. Ng3 Nxg3 25. Rxg3 Nh7 26. Nxh7 Kxh7 27. h5
Rg8 28. hxg6+ Rgxg6 29. Qh5+ Kg7 30. Rh1 Qf8 31. Qh6+ 1-0

[Event "I Open"]
[Site "Trento ITA"]
[Date "2008.03.30"]
[Round "5"]
[White "Gallo, Carlo"]
[Black "Scandella, Marco"]
[Result "1/2-1/2"]
[WhiteElo "1667"]
[BlackElo "1536"]
[PlyCount "30"]
[EventDate "2008.03.28"]

1. c4 c5 2. Nf3 Nf6 3. Nc3 Nc6 4. d4 cxd4 5. Nxd4 Nxd4 6. Qxd4 e6 7. e4 a6 8.
e5 Ng8 9. Be2 Ne7 10. Bg5 Qc7 11. Qe4 Ng6 12. f4 Bb4 13. O-O Bxc3 14. bxc3 O-O
15. Rad1 h6 1/2-1/2